00806nam a2200253 a 4500001001300000003000900013005001700022008004100039020002300080082002000103100002100123245008100144260004500225300000900270500003500279505002400314650001900338650002100357700002100378902000800399942000700407952012100414999001700535nice12345678IN_TiNIC20260116013331.0050524s1992 dela grp 000 0 eng  a8185618 c22500a294.395496bGEL aGellner, David N aMonk, Householder & Tantric Priestb Newar Buddhism & It Hierarchy of Ritual aDelhibCambridge University Press c1992 a428p aincludes index and biblioraphy2 aBibliography, Index aBuddhism-Nepal aBuddhism-Tantric1 aGellner, David N bSRS cBK 001040708StackRoom-aHMIbHMId2007-07-20g225.00l0o294.395496 GELp017034r2007-07-20v225.00w2005-05-24yBK c10596d10596